Russian Leaders from 864 to 1362 : Leaders of the Kievan Rus' - Statistics

General Stats
  • This quiz has been taken 149 times
  • The average score is 14 of 71
Answer Stats
Hint Answer % Correct
882 Oleg the Seer
64%
945 Saint Olga
59%
980 Vladimir I the Great
43%
1113 Vladimir II Monomakh
38%
864 Rurik I
36%
1171 Vladimir III
36%
912 Igor I
34%
1223 Vladimir IV
32%
1019 Yaroslav I the Wise
32%
1146 Igor II
28%
1202 Igor III
28%
1212 Igor III
28%
1173 Rurik II
27%
1180 Rurik II
27%
1194 Rurik II
27%
1203 Rurik II
27%
1207 Rurik II
27%
1174 Yaroslav II
27%
1180 Yaroslav II
27%
1236 Yaroslav III
27%
1243 Yaroslav III
27%
962 Sviatoslav I
24%
1015 Sviatopolk I the Accursed
23%
1073 Sviatoslav II of Kiev
23%
1174 Sviatoslav III
22%
1177 Sviatoslav III
22%
1182 Sviatoslav III
22%
1263 Yaroslav IV
22%
1093 Sviatopolk II of Kiev
20%
972 Yaropolk I
20%
1149 Yuri I Dolgorukiy
18%
1155 Yuri I Dolgorukiy
18%
1167 Mstislav II
17%
1170 Mstislav II
17%
1125 Mstislav I the Great
17%
1331 Fyodor
16%
1054 Iziaslav I of Kiev
16%
1076 Iziaslav I of Kiev
16%
1214 Mstislav III
16%
1139 Vsevolod II
16%
1078 Vsevolod I of Kiev
16%
1132 Yaropolk II
16%
1146 Iziaslav II
15%
1151 Iziaslav II
15%
1154 Iziaslav III
15%
1157 Iziaslav III
15%
1246 Saint Alexander Nevsky
15%
1169 Gleb
14%
1170 Gleb
14%
1171 Michael I
14%
1173 Vsevolod III the Big Nest
14%
1206 Vsevolod IV the Red
14%
1210 Vsevolod IV the Red
14%
1238 Michael II
13%
1241 Michael II
13%
1239 Rostislav of Smolenks
13%
1139 Viacheslav I
13%
1151 Viacheslav I
13%
1235 Iziaslav IV
11%
1171 Roman I
11%
1175 Roman I
11%
1271 Lev
10%
1203 Roman II the Great
10%
1154 Rostislav I
8%
1158 Rostislav I
8%
1203 Rostislav II
8%
1239 Voivode Dmytro
2%
1324 Algimantas-Michael
1%
1321 Mindaugas Holshanski
1%
1301 Stanislav Ivanovich
1%
1301 Volodymyr-Ivan Ivanovich
1%
No matching quizzes found
Score Distribution
Percent of People with Each Score
Percentile by Number Answered
Your Score History
You have not taken this quiz